| 000 | 00000nam 22000008a 4500 |
| 001 | 9.838663 |
| 003 | CaOODSP |
| 005 | 20221107151431 |
| 007 | cr ||||||||||| |
| 008 | 170802s1968 onc o| f000 0 eng d |
| 040 | |aCaOODSP|beng |
| 043 | |an-cn-nt |
| 086 | 1 |aR44-34/1968E-PDF |
| 110 | 1 |aCanada. |bIndigenous and Northern Affairs Canada. |
| 245 | 10|aVocational education section administrative handbook |h[electronic resource]. |
| 250 | |aRev. 1968 |
| 260 | |a[Ottawa] : |bEducation Division, Northern Administration Branch, Department of Indian Affairs and Northern Development, |c1968. |
| 300 | |a[199] p. |
| 500 | |aTitle from cover page. |
| 500 | |aDigitized edition from print produced 2017 [by Indigenous and Northern Affairs Canada]. |
| 520 | |a"The purpose of this handbook is to consolidate and set out clearly and concisely Departmental policies, authorities and administrative routines with respect to vocational education."--p. [1]. |
| 692 | 07|2gccst|aVocational training |
| 692 | 07|2gccst|aHandbooks |
| 710 | 1 |aCanada. |bDepartment of Indian Affairs and Northern Development. |
| 795 | |tVocational education section administrative handbook |w(CaOODSP)9.838666 |
| 856 | 40|qPDF|s22.61 MB|uhttps://publications.gc.ca/collections/collection_2017/aanc-inac/R44-34-1968-eng.pdf |